00646cam a22001937a 4500003000500000005001700005008004100022010001000063011001000073020001500083035001000098040000900108100002700117245014600144260007400290300001900364650003600383650003300419CHAP20220329142548.0011106d1987 mx r 00110 spa d a84937 a85909 a9688133361 a96447 cCHAP00aChávez Orozco, Luis.10aPáginas de historia económica de México ;bcondiciones de trabajo durante la colonia y fines del siglo XVIIIc/por Luis Chávez Orozco aMéxico, D.F. ;bSecretaria del Trabajo y Previsión Social,c1987. a67 p. ,bilus.14aHistoria económicaxMéxico.14aMéxicoxHistoriaxColonia.